| 000 | 00865nam a2200229 i 4500 | ||
|---|---|---|---|
| 001 | 47695 | ||
| 003 | ES-MaACL | ||
| 005 | 20230906161619.0 | ||
| 007 | t| | ||
| 008 | 030519s1998 sp ||||0| spa j | ||
| 020 | _a84-95192-07-1 | ||
| 040 |
_aM-BN _bspa _cM-BN |
||
| 080 | _a82-1(05)(460.28)"19" | ||
| 100 | 1 |
_aPriego, Hilario. _993860 |
|
| 245 | 1 | 3 |
_aLa poesía en las revistas de Castilla-La Mancha _b: 1939-1975 / _c[Hilario Priego Sánchez-Morate, José Antonio Silva Herranz]. |
| 260 |
_aCuenca : _bDiputación de Cuenca, Area de Cultura, _c[1998] |
||
| 300 |
_a232, [138] p : _bil. col. y n ; _c25 cm. |
||
| 650 | 4 |
_aPoesía- _vPublicaciones periódicas- _zCastilla-La Mancha- _yS.XX. _916153 |
|
| 700 | 1 |
_aSilva Herranz, José Antonio. _9106398 |
|
| 710 | 1 |
_aCuenca (Provincia). _bDiputación Provincial. _93346 |
|
| 852 |
_aES-MaACL _jL-26342 _bR.131416 |
||
| 999 |
_c47695 _d47695 |
||